|
|
|
|
| LEADER |
00966nam a22002531 4500 |
| 001 |
c000369736 |
| 003 |
CARM |
| 005 |
00000000000000.0 |
| 008 |
851211s1908 enk 00010 eng d |
| 019 |
1 |
|
|a 28362603
|z 43232772
|z 9418746
|z 4176723
|z 21978208
|z 55575892
|5 LACONCORD2021
|
| 035 |
|
|
|a (OCoLC)28996806
|5 LACONCORD2021
|
| 100 |
1 |
|
|a Shaw, Bernard,
|d 1856-1950.
|
| 245 |
1 |
4 |
|a The commonsense of municipal trading /
|c by Bernard Shaw
|
| 260 |
|
|
|a London :
|b A.C. Fifield,
|c 1908.
|
| 300 |
|
|
|a 120 p. ;
|c 18 cm.
|
| 490 |
0 |
|
|a Fabian socialist series ;
|v no.5
|
| 650 |
|
0 |
|a Ideal government ownership.
|
| 650 |
|
0 |
|a Socialism.
|
| 650 |
|
0 |
|a Municipal ownership.
|
| 740 |
0 |
|
|a Common sense of municipal trading.
|
| 852 |
8 |
|
|b CARM
|h A1:AM33A0
|i A05083
|p 0437127
|f BK
|
| 082 |
0 |
4 |
|a 338.942
|
| 999 |
f |
f |
|i 85cc8918-16af-51c8-b9ab-ab81a342f9c9
|s 6e2072f8-97a7-5f56-a528-dc0f403a4cb9
|
| 952 |
f |
f |
|p Can circulate
|a CAVAL
|b CAVAL
|c CAVAL
|d CARM 1 Store
|e A05083
|f A1:AM33A0
|h Other scheme
|i book
|m 0437127
|